000
00293 a2200109 4500
001
ART_31358
005
20260410161706.0
008
260409a
245
1
0
_a
El secreto fiscal
100
1
_a
Melzi, Flavia Irene
773
0
_t
Revista Impuestos
_g
- NÂș 14 (jul. 2007)
_w
REV639
999
_c
15675
_d
15675